000 00969nam a2200277 i 4500
003 EG-GICUC
005 20260513181333.0
008 260513s1897 uk ||||fr|||| 00| 0 eng d
040 _aEG-GiCUC
_beng
_cEG-GiCUC
_dEG-GiCUC
_eRda
082 0 4 _221
_a342.0498
_bEL . Q
092 0 4 _221
099 _aLaw1 08 342.0498 EL . Q 1897
100 1 _aElliott, Martin
_eAuthor.
245 1 0 _aOutlines Of Roman and Constitutional Law, Together With Constitutional and Legal History /
_b
_cMartin Elliott.
_n
264 1 _aLondon :
_bReeves & Turner, 100, Chancery Lane, and Carey Street,
_c1897.
300 _a199page :
_billustration ;
_c 24 cm.
336 _2rda contenu
_a texte
337 _2rda medias
_aOrdinateur
338 _2 transporteur rda
_a Ressource en ligne
546 _aText in English
650 1 4 _aConstitutional law
_2
651 1 _2
856 4 0 _uhttps://fll.law.cu.edu.eg/fulltext/bks/B08-05522.pdf
905 _a50
942 _2ddc
_cBK
_e21
_n0
999 _c76812
_d76812